000 002800000a22000970004500
100 1 _aBaarda, Tjitze
245 1 0 _aJohn 8:57B. The contribution of the diatessaron of Tatian
300 _aVol. 38, Num. 4 (Octubre, 1996), Páginas 336-343
773 0 _tNovum Testamentum
942 _cANA
999 _c56936
_d56936